000 00546nam a2200217Ia 4500
005 20250425161854.0
008 250425s9999 xx 000 0 und d
020 _a0130411027
041 _aeng
082 _a658.3
100 _aGEORGE, JENNIFER M.
245 0 _aUNDERSTANDING AND MANAGING ORGANIZATIONAL BEHAVIOR
250 _a3RD ED.
260 _aEstados Unidos
_bALLYN AND BACON
_c2002
260 _aNEW YORK
300 _a752
650 _aCOMPORTAMIENTO ORGANIZACIONAL
650 _aEFICACIA
942 _c01
010 _a33204
999 _c217847
_d217847